[Event "Oberliga Baden 0910"]
[Site "Germany"]
[Date "2010.02.28"]
[Round "7.7"]
[White "Netzer, Jacques"]
[Black "Mudelsee, Manfred"]
[Result "1-0"]
[WhiteElo "2194"]
[BlackElo "2298"]
[PlyCount "81"]
[EventDate "2009.10.18"]
[EventType "team-tourn"]
[EventRounds "9"]
[EventCountry "GER"]
[SourceTitle "EXT 2011"]
[Source "ChessBase"]
[SourceDate "2010.11.26"]
[SourceVersion "1"]
[SourceVersionDate "2010.11.26"]
[SourceQuality "1"]
[WhiteTeam "Baden-Baden III"]
[BlackTeam "Kirchheim"]
[WhiteTeamCountry "GER"]
[BlackTeamCountry "GER"]

1. e4 c5 2. Nf3 d6 3. d4 cxd4 4. Nxd4 Nf6 5. Nc3 Nc6 6. Bc4 e6 7. Be3 a6 8. Qe2 Qc7 9. Bb3 Na5 10. 0-0-0 b5 11. Rhe1 Nxb3+ 12. axb3 b4 13. Na4 Nxe4 14. Nxe6 fxe6 15. Bb6 Qb7 16. Qxe4 Qxe4 17. Rxe4 a5 18. f4 Kf7 19. Rc4 Kg6 20. Rc7 Rb8 21. g3 h5 22. Ba7 Rb7 23. Rxc8 Rxa7 24. Rxd6 Bxd6 25. Rxh8 e5 26. fxe5 Bxe5 27. c4 Rf7 28. Re8 Rf5 29. c5 Kf7 30. Rd8 Ke6 31. Kc2 g5 32. Rd2 Bc7 33. Re2+ Kd5 34. Kd3 Rf3+ 35. Re3 Rf1 36. Re7 Kc6 37. Rh7 Bxg3 38. hxg3 Rf3+ 39. Kc4 Rxg3 40. Rh6+ Kc7 41. Rxh5 1-0

[Event "Oberliga Baden 0910"]
[Site "Germany"]
[Date "2010.01.24"]
[Round "5.7"]
[White "Netzer, Jacques"]
[Black "Vinke, Andreas"]
[Result "1-0"]
[WhiteElo "2194"]
[BlackElo "2221"]
[PlyCount "69"]
[EventDate "2009.10.18"]
[EventType "team-tourn"]
[EventRounds "9"]
[EventCountry "GER"]
[SourceTitle "EXT 2011"]
[Source "ChessBase"]
[SourceDate "2010.11.26"]
[SourceVersion "1"]
[SourceVersionDate "2010.11.26"]
[SourceQuality "1"]
[WhiteTeam "Baden-Baden III"]
[BlackTeam "Karlsruhe"]
[WhiteTeamCountry "GER"]
[BlackTeamCountry "GER"]

1. e4 e6 2. d4 d5 3. Nd2 Nf6 4. e5 Nfd7 5. Bd3 c5 6. c3 Nc6 7. Ne2 cxd4 8. cxd4 f6 9. exf6 Nxf6 10. 0-0 Bd6 11. Nf3 Qc7 12. Bg5 0-0 13. Bh4 Nh5 14. Qc2 h6 15. Bg6 Rxf3 16. gxf3 Bxh2+ 17. Kh1 Nf4 18. Ng3 Qd6 19. Rad1 e5 20. Bf5 Bxf5 21. Qxf5 Rf8 22. Qg4 exd4 23. Nf5 Qg6 24. Ne7+ Nxe7 25. Bxe7 Rf7 26. Rfe1 Qc2 27. Bh4 h5 28. Qg5 d3 29. Kxh2 d2 30. Rg1 Qd3 31. Bg3 Qd4 32. Bxf4 Rxf4 33. Rxd2 Rh4+ 34. Kg3 Qb4 35. Qxh4 1-0

[Event "FRA-ch Accession"]
[Site "Belfort"]
[Date "2010.??.??"]
[Round "3"]
[White "Netzer, Jacques"]
[Black "Bonn, Thomas"]
[Result "1-0"]
[WhiteElo "2208"]
[BlackElo "2250"]
[PlyCount "93"]
[EventDate "2010.08.09"]
[EventType "swiss"]
[EventRounds "11"]
[EventCountry "FRA"]
[SourceTitle "CBM 138 Extra"]
[Source "ChessBase"]
[SourceDate "2010.10.29"]
[SourceVersion "1"]
[SourceVersionDate "2010.10.29"]
[SourceQuality "1"]

1. e4 c5 2. Nf3 g6 3. c4 Bg7 4. d4 cxd4 5. Nxd4 Nc6 6. Nc2 d6 7. Be2 f5 8. exf5 Bxf5 9. 0-0 Nf6 10. Nc3 0-0 11. Be3 Ne5 12. Nd4 Bd7 13. h3 Kh8 14. f4 Nc6 15. Qd2 Nxd4 16. Bxd4 Bc6 17. Rad1 Qa5 18. Bf3 e5 19. fxe5 dxe5 20. Qg5 Rae8 21. Bxc6 bxc6 22. Rfe1 h6 23. Rxe5 Qxc3 24. Rxe8 Qxd4+ 25. Rxd4 hxg5 26. Rxf8+ Bxf8 27. Rd8 Kg7 28. Rc8 Ne4 29. Rxc6 Bc5+ 30. Kf1 Bd4 31. b3 Nc3 32. a4 Na2 33. Rc7+ Kf6 34. Rb7 a5 35. Rb5 Bc3 36. c5 Ke6 37. c6 Kd6 38. Rxg5 Kxc6 39. Rxg6+ Kd5 40. Rg4 Nc1 41. h4 Nxb3 42. h5 Nd4 43. h6 Nf5 44. Rg5 Ke6 45. h7 Nd6 46. Rxa5 Kf7 47. Ra8 1-0

[Event "FRA-ch Accession"]
[Site "Belfort"]
[Date "2010.??.??"]
[Round "7"]
[White "Netzer, Jacques"]
[Black "Crut, Aurelien"]
[Result "0-1"]
[WhiteElo "2208"]
[BlackElo "2314"]
[PlyCount "64"]
[EventDate "2010.08.09"]
[EventType "swiss"]
[EventRounds "11"]
[EventCountry "FRA"]
[SourceTitle "CBM 138 Extra"]
[Source "ChessBase"]
[SourceDate "2010.10.29"]
[SourceVersion "1"]
[SourceVersionDate "2010.10.29"]
[SourceQuality "1"]

1. e4 e6 2. d4 d5 3. Nc3 Bb4 4. e5 c5 5. a3 Bxc3+ 6. bxc3 Qa5 7. Bd2 Qa4 8. Qb1 c4 9. h4 Nc6 10. h5 h6 11. g4 f6 12. f4 b6 13. Bh3 Bd7 14. Nf3 Nge7 15. 0-0 0-0-0 16. Qb2 Rdf8 17. Rae1 f5 18. Nh4 Be8 19. Kh2 Rhg8 20. Rg1 g5 21. fxg5 hxg5 22. gxf5 gxh4 23. f6 Nf5 24. Bxf5 exf5 25. Rxg8 Rxg8 26. h6 Nd8 27. e6 Qc6 28. h7 Qd6+ 29. Kh1 Rh8 30. Qb4 Qg3 31. f7 Qf3+ 32. Kg1 h3 0-1

[Event "FRA-ch Accession"]
[Site "Belfort"]
[Date "2010.??.??"]
[Round "1"]
[White "Netzer, Jacques"]
[Black "Saada, Julien"]
[Result "1-0"]
[WhiteElo "2208"]
[BlackElo "2304"]
[PlyCount "57"]
[EventDate "2010.08.09"]
[EventType "swiss"]
[EventRounds "11"]
[EventCountry "FRA"]
[SourceTitle "CBM 138 Extra"]
[Source "ChessBase"]
[SourceDate "2010.10.29"]
[SourceVersion "1"]
[SourceVersionDate "2010.10.29"]
[SourceQuality "1"]

1. e4 c6 2. c4 d5 3. exd5 cxd5 4. cxd5 Nf6 5. Nc3 g6 6. Bc4 Bg7 7. Nge2 0-0 8. 0-0 Nbd7 9. d3 a6 10. a4 b6 11. h3 Bb7 12. Be3 Rc8 13. Rc1 Ne8 14. Ne4 Nd6 15. Nxd6 exd6 16. Nd4 Qh4 17. Nc6 Bxb2 18. Rb1 Bf6 19. Bxb6 Bxc6 20. dxc6 Rxc6 21. a5 Rb8 22. Qf3 Ne5 23. Qd5 Bd8 24. f4 Bxb6+ 25. axb6 Nxc4 26. Qxc6 Nd2 27. Qc7 Qd8 28. Qxd8+ Rxd8 29. Rfc1 1-0

[Event "Oberliga Baden 0910"]
[Site "Germany"]
[Date "2009.12.13"]
[Round "4.6"]
[White "Netzer, Jacques"]
[Black "Cepo, Toni"]
[Result "1-0"]
[WhiteElo "2194"]
[BlackElo "2138"]
[PlyCount "51"]
[EventDate "2009.10.18"]
[EventType "team-tourn"]
[EventRounds "9"]
[EventCountry "GER"]
[SourceTitle "EXT 2011"]
[Source "ChessBase"]
[SourceDate "2010.11.26"]
[SourceVersion "1"]
[SourceVersionDate "2010.11.26"]
[SourceQuality "1"]
[WhiteTeam "Baden-Baden III"]
[BlackTeam "Waldshut"]
[WhiteTeamCountry "GER"]
[BlackTeamCountry "GER"]

1. e4 e5 2. Nf3 Nc6 3. Bb5 f5 4. Nc3 fxe4 5. Nxe4 d5 6. Nxe5 dxe4 7. Nxc6 Qg5 8. Qe2 Nf6 9. f4 Qxf4 10. Ne5+ c6 11. d4 Qh4+ 12. g3 Qh3 13. Bc4 Be6 14. Bf4 Bd6 15. 0-0-0 0-0-0 16. Kb1 Rhe8 17. a4 Bxc4 18. Qxc4 g5 19. Bxg5 Bxe5 20. dxe5 Rxd1+ 21. Rxd1 Qg4 22. Rd6 Qxg5 23. exf6 Qf5 24. Qf7 Qe5 25. Qd7+ Kb8 26. f7 1-0

[Event "FRA-chT1 0910"]
[Site "France"]
[Date "2009.11.22"]
[Round "5.7"]
[White "Gingene, Eric"]
[Black "Netzer, Jacques"]
[Result "0-1"]
[WhiteElo "2092"]
[BlackElo "2174"]
[PlyCount "64"]
[EventDate "2009.09.27"]
[EventType "team-tourn"]
[EventRounds "11"]
[EventCountry "FRA"]
[SourceTitle "EXT 2011"]
[Source "ChessBase"]
[SourceDate "2010.11.26"]
[SourceVersion "1"]
[SourceVersionDate "2010.11.26"]
[SourceQuality "1"]

1. d4 Nf6 2. Nf3 g6 3. c4 Bg7 4. Nc3 0-0 5. e4 d6 6. Be2 e5 7. 0-0 Nc6 8. d5 Ne7 9. Ne1 Nd7 10. Nd3 f5 11. f4 exf4 12. exf5 Nxf5 13. Nxf4 Nc5 14. Bg4 Qh4 15. Bxf5 Bxf5 16. Be3 Rae8 17. Qd2 Ne4 18. Nxe4 Rxe4 19. Ne6 Bxe6 20. Rxf8+ Bxf8 21. dxe6 Rxe6 22. Qd5 Qe4 23. Bxa7 Bg7 24. Rd1 Bxb2 25. Qxe4 Rxe4 26. c5 Bd4+ 27. Kf1 dxc5 28. a4 Re8 29. Rb1 b6 30. a5 Ra8 31. axb6 cxb6 32. Bxb6 Rb8 0-1